000 00766nam a2200265Ia 4500
003 OSt
005 20221006160220.0
006 a|||||r|||| 00| 0
007 ta
008 221006b |||||||| |||| 00| 0 eng d
020 _a9781891936067
_c
_29.95
024 _a44,634
037 _bGift, Window on Korea
_cTextual
040 _aEASL
_cEASL
_beng
041 _2eng
_aeng
082 _aO495,3x, P2
100 _aHwang Suk-young,etc.
_9672454
245 0 _aVoice of the governor general and other stories of modern Korea
260 _aNorwalk
_bEastbridge
_c2002
300 _a208p.
_ccm.
490 _v KEL
650 _aKEL
942 _hO495,3x, P2
_cTEXL
_2CC
999 _c1112726
_d1112726